| 000 | 01775nam0a2200361 i 4500 | ||
|---|---|---|---|
| 001 | RU\NLR\bibl\1925373 | ||
| 005 | 20260408061222.0 | ||
| 010 |
_a9785958000869 _9100 |
||
| 021 |
_aRU _b2012-46590 _93416 |
||
| 035 | _a(nilc)RSL-KNO-005457709 | ||
| 035 | _a(NLR Aleph) 001914789 | ||
| 090 |
_a3225268 _c3225268 |
||
| 100 | _a20120703d2011 u y0rusy50 ca | ||
| 101 | 0 |
_arus _aeng |
|
| 102 | _aRU | ||
| 105 | _ay ||||||||| | ||
| 200 | 1 |
_aРоссия в мировом экономическом и социокультурном кризисе _eсборник материалов Международной научно-практической конференции, Тула, 18 мая 2011 года _f[редкол.: Я. А. Журавлева и др.] |
|
| 210 |
_aТула _cФилиал НОУ ВПО "МИЭМП" _d2011 |
||
| 215 |
_a253 с. _d20 |
||
| 300 | _aВ надзаг.: Московский ин-т экономики, менеджмента и права (МИЭМП), Фил. в г. Туле | ||
| 300 | _aТекст рус., англ. | ||
| 320 | _aБиблиогр. в конце ст. и в подстроч. примеч. | ||
| 606 |
_aОбщественные науки _jСъезды, совещания и т.п. _91112139 _3RU\NLR\auth\66119728 |
||
| 686 |
_aС.я431(0) _2rubbk |
||
| 686 | _aС.я431 | ||
| 702 | 1 |
_aЖуравлева _bЯ. А. _4340 |
|
| 712 | 0 | 2 |
_4570 _aМосковский институт экономики, менеджмента и права _bФилиал _cТула _3RU\NLR\AUTH\8810205526 _9298705 |
| 801 | 0 |
_aRU _bRuMoRKP _c20120703 _grcr |
|
| 801 | 1 |
_aRU _bРГБ _c20120703 |
|
| 801 | 2 |
_aRU _bNLR _c20120716 _grcr |
|
| 942 | _cBOOK | ||
| 980 | _aNBR | ||